000 02157nam a2200289 a 4500
001 000048453
003 Ost
005 20240418073801.0
008 190321s2006 dr ac r 000 0 spa d
020 _z9789993475084
040 _aDO-SdBNP
_bspa
_cBNPHU
082 _aRD863.4408
_bF216T, 2006
245 0 3 _aEl fantasma de Trujillo :
_bantología de cuentos sobre el tirano y su Era /
_ccompilador Miguel Collado.
250 _a2a ed.
260 _aSanto Domingo :
_bCEDIBIL,
_c2006.
300 _a254 p. :
_bil., retrs. ;
_c22 cm.
500 _aIncluye referencias bibliográficas y notas al pie de las páginas
505 0 _gPrefacio --
_tPiloncito /
_rJuan Bosch (1909-2001) --
_tRebeldes /
_rHilma Contreras (1913-) --
_tEl coronel Buenrostro /
_rMarcio Veloz Maggiolo (1936-) --
_tArquímedes y el jefe /
_rArmando Almánzar Rodríguez (1935-) --
_tEn el barrio no hay banderas /
_rRené del Risco Bermúdez (1937-1972) --
_t¡No ombe no, qué va! /
_rRubén Echavarría (1939-) --
_tRelincho de amor al atadecer /
_rEfraim Castillo (1940-) --
_tLos restos de Galíndez /
_rViriato Sención (1941-) --
_tEs absurdo morir otra vez... y para siempre /
_rDiógenes Valdez (1941-) --
_tLos trajes blancos han vuelto /
_rMiguel Alfonseca (1942-1994) --
_tCallejón sin salida /
_rJose Alcántara Almánzar (1946-) --
_tVíctor /
_rLipe Collado (1947-) --
_tMonstruos de acero y de cristal en el espectacular viaje de un desaparecido /
_rRoberto Marcallé Abreu (1948-) --
_tLos demonios del ángel /
_rArturo Rodríguez Fernández (1948-) --
_tPesadilla del amanuense /
_rJosé Enrique García (1948-) --
_tPormenores de una servidumbre /
_rPedro Peix (1952-) --
_tTemporal de sombras /
_rÁngela Hernández Núñez (1956-) --
_tLas muñecas contadas /
_rRafael García Romero (1957-)
590 _aInventariado, 2019/BT
600 1 0 _aTrujillo Molina, Rafael Leónidas,
_d 1891-1961
_976764
650 1 4 _aCuentos dominicanos
_xColecciones
_9503
650 1 0 _aLiteratura dominicana.
_967
700 1 _aCollado, Miguel A.,
_d1954-
_ecomp.
_924696
700 1 2 _aCentro Dominicano de Inventigaciones Bibliográficas
_975870
910 _aValidado. Control de calidad. MFF
942 _2ddc
_cLBS1
999 _c47941
_d47941